15 derniers personnages de stranger things - Statistiques

Statistiques générales
  • Ce quiz a été pris 23 fois
  • Le résultat moyen est 10 sur 15
Statistiques - réponses
Temps avant la fin Personnages % Correct
2 min av. la fin Max
95%
10 sec av. la fin Mike
95%
1 min av. la fin Lucas
90%
1 min av. la fin Will
90%
14 min av. la fin Hopper
86%
1 min av. la fin Dustin
81%
27 sec av. la fin Holly
81%
14 min av. la fin Joyce
81%
6 min av. la fin Eleven
76%
9 min av. la fin Steve
67%
27 sec av. la fin Derek
62%
4 min av. la fin Karen
57%
27 sec av. la fin Debbie
5%
27 sec av. la fin Josh
5%
27 sec av. la fin Marie
5%
Aucun quiz correspondant
Distribution des résultats
% des personnes avec chaque résultat
Percentile par nombre de réponses
Votre historique - résultats
Vous n’avez pas pris ce quiz